LEADER 01238nam0-2200385---45-- 001 990001050380203316 005 20090330171123.0 035 $a0105038 035 $aUSA010105038 035 $a(ALEPH)000105038USA01 035 $a0105038 100 $a20020321d1982----km-y0ITAy01------ba 101 $aita 102 $aIT 105 $a00||| 200 1 $aNon pił soldati!$eguida pratica e note sul servizio civile e sull'obiezione di coscienza al servizio militare$fVincenzo Pepe 210 $aCasalvelino Scalo$cGalzerano$d1982 215 $a62 p.$d22 cm 606 $aServizio sostitutivo civile 676 $a355.2240945 700 1$aPEPE,$bVincenzo$0528717 801 0$aIT$bsalbc$gISBD 912 $a990001050380203316 951 $a355.224 PEP 1 (ISP V 456)$b3258 G$cISP V$d00187793 951 $a355.224 PEP 1a (ISP V 456)$b3260 G$cISP V$d00187770 959 $aBK 969 $aECO 979 $aPATTY$b90$c20020321$lUSA01$h1119 979 $aPATTY$b90$c20020321$lUSA01$h1120 979 $c20020403$lUSA01$h1745 979 $aPATRY$b90$c20040406$lUSA01$h1713 979 $aRSIAV3$b90$c20090330$lUSA01$h1708 979 $aRSIAV3$b90$c20090330$lUSA01$h1711 996 $aNon pił soldati$9976239 997 $aUNISA LEADER 01215nam--2200397---450 001 990001552660203316 005 20210331102817.0 010 $a88-06-51722-8 035 $a000155266 035 $aUSA01000155266 035 $a(ALEPH)000155266USA01 035 $a000155266 100 $a20040401d1981----km-y0ITAy0103-------ba 101 1 $aita 102 $aIT 200 1 $aFare storia$fa cura di Jacques Le Goff e Pierre Nora$g[traduzione di Isolina Marini] 210 $aTorino$cEinaudi$d1981 215 $aXII, 258 p.$d18 cm 225 1 $aPiccola biblioteca Einaudi$v410 312 $aFaire de l'Histoire 410 $12001$aPiccola biblioteca Einaudi$h410$iGeografia. Storia 454 $1001000155273$aFaire de l'Histoire 606 $aStoriografia$yFrancia 676 $a901 702 1$aLE GOFF,$bJacques$f<1924-2014 > 702 1$aNORA,$bPierre 801 0$aIT$bsalbc$gISBD 912 $a990001552660203316 951 $aX.3.B. 74a (Varie coll. 254/410)$b1964 L.M.$cX.3.B. 951 $aX.3.B. 74 (Varie coll. 11/40)$b119556 L.M.$cX.3.B. 951 $aFC M 1982$bDLM$cFC M 959 $aBK 969 $aUMA 969 $aDILAM 996 $aFaire de l'Histoire$955294 997 $aUNISA